01373nam a2200337Ia 4500001000700000003000500007008004100012010001100053040000900064090001700073100003500090245018400125260004100309300001000350502007700360650002800437650004000465650003900505650003800544650004700582650002400629700003500653901001700688902000600705910000900711942000600720942000600726999001900732952014200751952014200893Z_1729CHAP220113s1999 xx 000 0 und d a164821 cCHAP aTesis N 1395 aNavarro López, Adán980574 aEvaluación de cuatro antihelmínticos contravermes gastroentéricos de ovinos semiestabulados en San Salvador, Hidalgo /cpor Adán Navarro López y Carlos Ortíz Pérez aChapingo, Méx. :bEl autor,c1999 a57 h. aTesis (Ing. Agr. Esp. en Zootecnia) -- UACH. Departamento de Zootecnia aAntihelmínticos96059 aEnfermedadesxGanado lanar 9138884 aGanado lanarxEnfermedades 945173 aGanado lanarxParásitos 945208 aNemátodos, parásitos de ovino 9138885 aParásitos 985652 aOrtíz Pérez, Carlos984127 aTESIS N 1395 aM a1999 c2 c2 c164821d164821 00102local4051708TESISaZbZd2005-11-09eEl autorl0oTesis N38 1395 1999p5101002214r2022-01-18 00:00:00tEj.1w2022-01-18yTESIS 00102local4055708TESISaZbZd2005-11-09eEl autorl0oTesis N38 1395 1999p5101002215r2022-01-18 00:00:00tEj.2w2022-01-18yTESIS